000
00276nam a2200121 a 4500
008
101025s1985|||| d
245
1
0
_a
Expert zo SicĂlie
100
1
_a
Lewis, Norman
044
_a
xo
_c
SK
041
_a
slo
260
_b
Pravda
_a
Bratislava
_c
1985
020
_c
30
999
_c
12145
_d
12145